Флора СССР. 9 (Запись № 13612694)

Подробности
000 -МАРКЕР
контрольное поле 01385nam2a2200289 4500
001 - ИДЕНТИФИКАТОР ЗАПИСИ
контрольное поле rc\2987339
005 - ИДЕНТИФИКАТОР ВЕРСИИ
контрольное поле 20260315062921.0
035 ## - ДРУГИЕ СИСТЕМНЫЕ НОМЕРА
Идентификатор записи (NLR Aleph) 007131708
100 ## - ДАННЫЕ ОБЩЕЙ ОБРАБОТКИ
Данные общей обработки 20110913d1939 u y0rusy50 ca
101 0# - ЯЗЫК РЕСУРСА
Язык текста, звукозаписи и т.д. русский
102 ## - СТРАНА ПУБЛИКАЦИИ ИЛИ ПРОИЗВОДСТВА
Страна публикации Российская Федерация
105 ## - ПОЛЕ КОДИРОВАННЫХ ДАННЫХ: ТЕКСТОВЫЕ МАТЕРИАЛЫ, МОНОГРАФИЧЕСКИЕ
Кодированные данные о монографическом текстовом документе ba z |||||
200 0# - ЗАГЛАВИЕ И СВЕДЕНИЯ ОБ ОТВЕТСТВЕННОСТИ
Основное заглавие 9
Первые сведения об ответственности [Сост. А.Г. Борисова, В.Л. Комаров, А.Н. Криштофович и др.]
Последующие сведения об ответственности [Ред. С.В. Юзепчук]
210 ## - ПУБЛИКАЦИЯ, РАСПРОСТРАНЕНИЕ И ДР.
Дата издания, распространения и т.д. 1939
215 ## - ФИЗИЧЕСКАЯ ХАРАКТЕРИСТИКА
Специфическое обозначение материала и объем XX, 542 с., 2 вкл. л. карт.
Другие сведения о физической характеристике ил., карт.
320 ## - ПРИМЕЧАНИЯ О НАЛИЧИИ В ДОКУМЕНТЕ БИБЛИОГРАФИИ / УКАЗАТЕЛЯ
Текст примечания Алф. указатели рус. и латин. названий порядков, семейств родов и видов растений. IX т: Флоры СССР, с. 511-39
461 #0 - УРОВЕНЬ НАБОРА
Встроенное поле 001rc\2987330
-- 2000#$aФлора СССР$e1-$fГл. ред. акад. В.Л. Комаров$gБотан. ин-т Акад. наук СССР$v9
Системный номер (АБИС) связанной записи 6966123
Место публикации Ленинград
Дата публикации 1934-1964
Первые сведения об ответственности Гл. ред. акад. В.Л. Комаров
Имя издателя, распространителя и т.д. изд-во и тип. изд-ва Акад. наук СССР
Сведения, относящиеся к заглавию 1-
Заглавие Флора СССР
Номер тома 9
702 #1 - ИМЯ ЛИЦА - ВТОРИЧНАЯ ОТВЕТСТВЕННОСТЬ
Начальный элемент ввода Борисова
Часть имени, кроме начального элемента ввода А.Г.
Код отношения Составитель
702 #1 - ИМЯ ЛИЦА - ВТОРИЧНАЯ ОТВЕТСТВЕННОСТЬ
Начальный элемент ввода Комаров
Часть имени, кроме начального элемента ввода В.Л.
Код отношения Составитель
702 #1 - ИМЯ ЛИЦА - ВТОРИЧНАЯ ОТВЕТСТВЕННОСТЬ
Начальный элемент ввода Криштофович
Часть имени, кроме начального элемента ввода А.Н.
Код отношения Составитель
702 #1 - ИМЯ ЛИЦА - ВТОРИЧНАЯ ОТВЕТСТВЕННОСТЬ
Начальный элемент ввода Юзепчук
Часть имени, кроме начального элемента ввода С.В.
Код отношения Редактор
801 #0 - ИСТОЧНИК ЗАПИСИ
Страна Российская Федерация
Организация NLR
Правила каталогизации psbo
801 #1 - ИСТОЧНИК ЗАПИСИ
Страна Российская Федерация
Организация ELAR
Источник данных rusmarc
852 ## - МЕСТОНАХОЖДЕНИЕ И ШИФР ХРАНЕНИЯ
Идентификатор организации NLR
Шифр хранения (Call Number) 34-19/118(9)
942 ## - ДОПОЛНИТЕЛЬНЫЕ ЭЛЕМЕНТЫ ЗАПИСИ (АБИС)
Тип экземпляра АБИС Неопределено
980 ## - КОЛЛЕКЦИЯ
Название коллекции Национальная библиография

Нет доступных экземпляров.